LEADER 00865nam0 2200265 450 001 9910329360403321 005 20190710100929.0 010 $a978-88-28-80937-1 100 $a20190710d2018---- km y0itay50 ba 101 0 $aita 102 $aIT 105 $ay 001yy 200 1 $a<> paradigma della globalizzazione giuspolitica comunitaria$emorfologia e criticità dei fattori di omogeneizzazione$fSilvio Bolognini 210 $aMilano$cGiuffrè$d2018 215 $aIX, 503 p.$d24 cm 225 1 $aScienza giuridica e politiche del diritto$v3 676 $a349.24$v23 700 1$aBolognini,$bSilvio$0299196 801 0$aIT$bUNINA$gREICAT$2UNIMARC 901 $aBK 912 $a9910329360403321 952 $aGRDDCE64A$b2269$fDECBC 959 $aDECBC 996 $aParadigma della globalizzazione giuspolitica comunitaria$91555884 997 $aUNINA LEADER 03551nam 2200589 a 450 001 9910462852503321 005 20200520144314.0 010 $a0-8132-1929-9 035 $a(CKB)2670000000310144 035 $a(EBL)3135041 035 $a(SSID)ssj0000803090 035 $a(PQKBManifestationID)11457964 035 $a(PQKBTitleCode)TC0000803090 035 $a(PQKBWorkID)10805173 035 $a(PQKB)10286789 035 $a(MiAaPQ)EBC3135041 035 $a(OCoLC)820009889 035 $a(MdBmJHUP)muse24307 035 $a(Au-PeEL)EBL3135041 035 $a(CaPaEBR)ebr10642507 035 $a(OCoLC)922996966 035 $a(EXLCZ)992670000000310144 100 $a20100907d2011 uy 0 101 0 $aeng 135 $aur|n|---||||| 181 $ctxt 182 $cc 183 $acr 200 10$aOn creation$b[electronic resource] $eQuaestiones disputatae de potentia Dei, Q. 3 /$fSt. Thomas Aquinas ; translated with introduction and notes by S.C. Selner-Wright 210 $aWashington, D.C. $cCatholic University of America Press$dc2011 215 $a1 online resource (225 p.) 225 0$aThomas Aquinas in translation 300 $aTranslated from the Latin. 311 $a0-8132-1798-9 320 $aIncludes bibliographical references (p. 185-192) and indexes. 327 $aArticle 1. Whether God can make something out of nothing -- Article 2. Whether creation is a change -- Article 3. Whether creation is something real in the creature, and, if it is, what it is -- Article 4. Whether the power or even the act of creation is communicable to another -- Article 5. Whether there can be anything that is not created by God -- Article 6. Whether there is only one principle of creation -- Article 7. Whether God works in all the operations of nature -- Article 8. Whether God operates in nature by creating, which is to ask whether creation is -- Mingled with the work of nature -- Article 9. whether the rational soul is brought into being by creation or by the transmission of -- Semen -- Article 10. Whether the rational soul is created in the body or apart from the body -- Article 11. Whether the sensitive or vegetative souls are created or transmitted through the -- Semen -- Article 12. Whether the sensitive or vegetative soul is in the semen from the beginning, when it -- Issues forth -- Article 13. Whether something which is from another can be eternal -- Article 14. Whether that which is from God, differing in essence from him, can have always -- Been -- Article 15. Whether things proceeded from God by natural necessity or by the decree of his will -- Article 16. Whether a multitude can proceed from one first thing -- Article 17. Whether the world has always existed -- Article 18. Whether angels were created before the visible world -- Article 19. Whether angels could have existed before the visible world. 410 0$aThomas Aquinas in translation. 606 $aGod (Christianity)$xOmnipotence$xHistory of doctrines$yMiddle Ages, 600-1500 606 $aCreation$xHistory of doctrines$yMiddle Ages, 600-1500 608 $aElectronic books. 615 0$aGod (Christianity)$xOmnipotence$xHistory of doctrines 615 0$aCreation$xHistory of doctrines 676 $a231.7/65 700 $aThomas$cAquinas, Saint,$f1225?-1274.$0290144 701 $aSelner-Wright$b S. C$g(Susan Canty)$01051830 801 0$bMiAaPQ 801 1$bMiAaPQ 801 2$bMiAaPQ 906 $aBOOK 912 $a9910462852503321 996 $aOn creation$92482614 997 $aUNINA LEADER 02189nas 2200697-a 450 001 996204962903316 005 20230518213020.0 011 $a1916-0216 035 $a(DE-599)ZDB2436698-5 035 $a(OCoLC)243473653 035 $a(CKB)1000000000394292 035 $a(CONSER)--2008247777 035 $a(EXLCZ)991000000000394292 100 $a20080811a20089999 s-- - 101 0 $aeng 135 $aurcnu|||||||| 181 $ctxt$2rdacontent 182 $cc$2rdamedia 183 $acr$2rdacarrier 200 00$aJournal of otolaryngology - head & neck surgery 210 $a[Hamilton, Ont.] $cBC Decker 215 $a1 online resource 300 $aRefereed/Peer-reviewed 311 $a1916-0208 517 3 $aJournal of otolaryngology - head and neck surgery 531 $aJ OTOLARYNGOL HEAD NECK SURG 531 $aJOURNAL OF OTOLARYNGOLOGY - HEAD & NECK SURGERY 531 $aJ OTOLARYNGOL-HEAD N 531 $aHEAD N 531 $aJ. OTOLARYNGOL-HEAD NECK SURG 531 $aJ OTOLARYNGOL - HEAD NECK SURG 531 0 $aJ. otolaryngol. head neck surg. 606 $aOtolaryngology$vPeriodicals 606 $aHead$xSurgery$vPeriodicals 606 $aNeck$xSurgery$vPeriodicals 606 $aOtorhinolaryngologic Surgical Procedures 606 $aHead$xSurgery$2fast$3(OCoLC)fst00952605 606 $aNeck$xSurgery$2fast$3(OCoLC)fst01035361 606 $aOtolaryngology$2fast$3(OCoLC)fst01048946 606 $aOtorrinolaringologia quirúrgica$2thub 606 $aCap$2thub 606 $aColl$2thub 606 $aCirurgia$2thub 608 $aPeriodical. 608 $aPeriodicals.$2fast 608 $aRevistes electròniques.$2thub 615 0$aOtolaryngology 615 0$aHead$xSurgery 615 0$aNeck$xSurgery 615 12$aOtorhinolaryngologic Surgical Procedures. 615 7$aHead$xSurgery. 615 7$aNeck$xSurgery. 615 7$aOtolaryngology. 615 7$aOtorrinolaringologia quirúrgica. 615 7$aCap. 615 7$aColl. 615 7$aCirurgia. 906 $aJOURNAL 912 $a996204962903316 996 $aJournal of otolaryngology - head & neck surgery$91886368 997 $aUNISA